000 00263nam a2200097Ia 4500
001 880477
005 20250826182622.0
008 250824s9999 xx 000 0 und d
245 0 _aYARALI:BAZI YARALAR SARDIKÇA KANAR
_cKAHRAMAN TAZEOĞLU
260 _bDESTEK YAYINLARI
999 _c880477
_d880477